| 000 | 01715cam a2200241 i 4500 | ||
|---|---|---|---|
| 999 |
_c53643 _d53643 |
||
| 001 | 18525263 | ||
| 005 | 20221116140844.0 | ||
| 008 | 150311t20162016paua b 001 0 eng | ||
| 010 | _a 2015009828 | ||
| 020 | _a9781437706963X | ||
| 041 | _aeng | ||
| 080 | _a579.2(075.8):61 G-36 | ||
| 100 | 1 |
_aNussbaum, Robert L., _d1950- , _eauthor. _97357 |
|
| 245 | 1 | 0 |
_aThompson & Thompson genetics in medicine / _cRobert L. Nussbaum,MD, FACP, FACMG, Holly Smith Chair of Medicine and Science, Professor of Medicine, Neurology, Pediatrics and Pathology, Department of Medicine and Institute for Human Genetics, University of California San Francisco, San Francisco, California, Roderick R. McInnes, CM, MD, PhD, FRS(C), FCAHS, FCCMG, Alva Chair in Human Genetics, Canada Ressearch Chair in Neurogenetics, Professor of Human Genetics and Biochemistry, Director, Lady Davis Institute, Jewish General Hospital, McGill University, Montreal, Quebec, Canada, Huntington F. Willard, PhD, President and Director, The Marine Biological Laboratory, Woods Hole, Massachusetts, and Professor of Human Genetics, University of Chicago, Chicago, Illinois ; with clinical cases updated by Ada Hamosh, MD, MPH, Professor of Pediatrics, McKusick-Nathans Institute of Genetic Medicine, Scientific Director, OMIM, Johns Hopkins University School of Medicine, Baltimore, Maryland. |
| 250 | _aEighth edition. | ||
| 264 | 4 |
_c2016. _aPhiladelphia : _bElsevier, |
|
| 300 |
_axi, 546 pages : _billustrations ; _c28 cm. |
||
| 653 | _aგენეტიკა | ||
| 653 | _aმედიცინა | ||
| 700 | 1 |
_aMcInnes, Roderick R., _eავტორი _97359 |
|
| 700 | 1 |
_aWillard, Huntington F., _eავტორი _97360 |
|
| 942 |
_2udc _cBK |
||